| 000 | 00378cam a2200133ua 4500 | ||
|---|---|---|---|
| 041 |
_aeng _h |
||
| 100 | _aDe, Dipankar . | ||
| 245 |
_aEnergy use in crop production systems in India / _cDipankar De. _hTextual Documents |
||
| 260 |
_aBhopal : _bCentral Institute of Agricultural Engineering , _c2005. |
||
| 300 |
_a ; _e`. |
||
| 504 | _a | ||
| 942 | _cBK | ||
| 999 |
_c13024 _d13024 |
||